|
|
|
|
| LEADER |
01622cas a2200229 a 4500 |
| 001 |
AALejournalIMF008182 |
| 008 |
230101c9999 xx r poo 0 0eng d |
| 020 |
|
|
|z 9781451954050
|
| 022 |
|
|
|a 0145-1707
|
| 040 |
|
|
|a BD-DhAAL
|c BD-DhAAL
|
| 110 |
2 |
|
|a International Monetary Fund.
|b External Relations Dept.
|
| 245 |
1 |
0 |
|a Finance and Development, December 2005.
|
| 264 |
|
1 |
|a Washington, D.C. :
|b International Monetary Fund,
|c 2005.
|
| 300 |
|
|
|a 1 online resource (60 pages)
|
| 490 |
1 |
|
|a Finance and Development
|
| 500 |
|
|
|a <strong>Off-Campus Access:</strong> No User ID or Password Required
|
| 500 |
|
|
|a <strong>On-Campus Access:</strong> No User ID or Password Required
|
| 506 |
|
|
|a Electronic access restricted to authorized BRAC University faculty, staff and students
|
| 520 |
3 |
|
|a This paper reviews the resurgence of Latin America. The paper highlights that much of the region has witnessed a swift and robust recovery from the successive financial crises of 2001-02. Within two years, the region's economic growth reached 5.6 percent in 2004, a 24-year high. Growth rates of about 4 percent in 2005 and 3 3/4 percent projected for 2006 are well above historical averages. Mexico and South American countries have gained, in particular, from the surge in fuel, food, and metals prices, and have generally been able to exploit these opportunities by expanding production.
|
| 538 |
|
|
|a Mode of access: Internet
|
| 830 |
|
0 |
|a Finance and Development; Finance and Development ;
|v No. 0042/004
|
| 856 |
4 |
0 |
|z Full text available on IMF
|u http://elibrary.imf.org/view/journals/022/0042/004/022.0042.issue-004-en.xml
|z IMF e-Library
|